|
|
|
|
| LEADER |
00603nam a2200169 4500 |
| 020 |
|
|
|a 9788182673014
|
| 082 |
|
|
|a 158.1
|b BOB-J
|
| 100 |
|
|
|a Bobby C. Mathew
|
| 245 |
|
|
|a ജീവിതവിജയത്തിന് 100 കഥകൾ
|
| 250 |
|
|
|a 3rd.
|
| 260 |
|
|
|a Kozhikode
|b Mathrubhumi Books
|c 2017
|
| 300 |
|
|
|a 189p.
|
| 650 |
|
|
|a Personal improvement-Psychology
|
| 650 |
|
|
|a Self Healp
|
| 942 |
|
|
|c BK
|
| 999 |
|
|
|c 51822
|d 51822
|
| 952 |
|
|
|0 0
|1 0
|4 0
|6 158_100000000000000_BOBJ
|7 0
|9 65606
|a KU
|b KU
|c GEN
|d 2018-06-18
|e Ad.D2/5736/2013 dtd.24/11/2017
|g 170.00
|l 3
|o 158.1 BOB-J
|p CL02545
|r 2019-05-09
|s 2019-04-26
|w 2018-06-18
|y BK
|